Adelsfamilien und Rittergutsbesitzer in Wiesenthal/Kreis Löwenberg

Titel: Adelsfamilien und Rittergutsbesitzer in Wiesenthal/Kreis Löwenberg / Doris Baumert
Verfasser:
In: Auf historischer Spurensuche im Bobertal... ; Bd. 3. Seminarband ... der 3. Bobertaltagung 2016, (2018), Seite 1033-1051
alle Artikel anzeigen
Veröffentlicht: 2018
Format: Aufsatz
Sprache: Deutsch
Schlagworte:
Kein Bild verfügbar
X
alg: 48498512
001A    $03025:31-08-21 
001B    $01999:31-08-21 $t22:32:23.000 
001D    $03025:31-08-21 
001U    $0utf8 
001X    $00 
002@    $0Aou 
002C    $aText $btxt $2rdacontent 
002D    $aohne Hilfsmittel zu benutzen $bn $2rdamedia 
002E    $aBand $bnc $2rdacarrier 
003@    $0484985124 
007A    $0484985124 $aHEB 
010@    $ager 
010E    $erda 
011@    $a2018 
021A    $aAdelsfamilien und Rittergutsbesitzer in Wiesenthal/Kreis Löwenberg $hDoris Baumert 
028A    $BVerfasser $4aut $71108835570 $8Baumert, Doris [Tp3] $9385196725 
031A    $h1033-1051 $j2018 
039B    $aEnthalten in $8--Afx--. Auf historischer Spurensuche im Bobertal... ; Bd. 3. Seminarband ... der 3. Bobertaltagung 2016. - Würzburg : Stiftung Kulturwerk Schlesien, 2018. - 811 - 1187 Seiten, [32] ungezählte Seiten. - Illustrationen. - ISBN 978-3-929817-09-6 $x201800000000000967 $9438600185 
044K    $RWleń $RKreis Löwenberg $RWoiwodschaft Niederschlesien $#Wiesenthal Kreis Löwenberg, Schlesien $71127647490 $8Bystrzyca$gWleń [Tg1] $9400495252 
044K    $RGutsherrin $#Seigneurs $#Gutsbesitzer $74196107-9 $8Gutsherr [Ts1] $9085983985 
044K    $RGut $#Rittergüter $74196106-7 $8Rittergut [Ts1] $9085983977 
044K    $RFamilie $#Gentry family $#Noblesse $#Adel Familie $#Adlige Familie $#Adelsgeschlecht $#Adelshaus Adelsfamilie $74205558-1 $8Adelsfamilie [Ts1] $9086048317 

lok: 48498512 78

exp: 48498512 78 1 #EPN
201B/01 $031-08-21 $t14:38:47.000 
201C/01 $031-08-21 
201U/01 $0utf8 
203@/01 $01167235282 
208@/01 $a31-08-21 $be 
209A/01 $a/ $f000 $x00 
209A/01 $ab*p $x01 
220C/01 $apgar 
244Z/01 $#Schlesien $#Schlesien $#Herzogtum Schlesien $#Herzogtum Schlesien Schlesien $#Provinz Schlesien $#Śla̜sk $#Slezsko $#Silesia $74052678-1 $8--Tg1--Schlesien $x01 $9085146781 
247C/01 $82080>Marburg/Lahn, Herder-Institut, Forschungsbibliothek, Bibliographieportal $9336309341
LEADER 00000caa a2200000 c 4500
001 484985124
003 DE-603
005 20210831223223.0
007 tu
008 210831s2018 xx |||| | u00||u|ger c
035 |a (DE-599)HEB484985124 
040 |a DE-603  |b ger  |c DE-603  |d DE-603  |e rda 
041 |a ger 
100 1 |a Baumert, Doris  |e Verfasser  |4 aut  |0 (DE-603)385196725  |0 (DE-588)1108835570  |2 gnd 
245 0 0 |a Adelsfamilien und Rittergutsbesitzer in Wiesenthal/Kreis Löwenberg  |c Doris Baumert 
264 0 |c 2018 
336 |a Text  |b txt  |2 rdacontent 
337 |a ohne Hilfsmittel zu benutzen  |b n  |2 rdamedia 
338 |a Band  |b nc  |2 rdacarrier 
650 7 |a Gutsherr  |0 (DE-588)4196107-9  |0 (DE-603)085983985  |2 gnd 
650 7 |a Rittergut  |0 (DE-588)4196106-7  |0 (DE-603)085983977  |2 gnd 
650 7 |a Adelsfamilie  |0 (DE-588)4205558-1  |0 (DE-603)086048317  |2 gnd 
651 7 |a Bystrzyca  |g Wleń  |0 (DE-588)1127647490  |0 (DE-603)400495252  |2 gnd 
773 0 8 |i Enthalten in  |t Auf historischer Spurensuche im Bobertal... ; Bd. 3. Seminarband ... der 3. Bobertaltagung 2016  |d Würzburg : Stiftung Kulturwerk Schlesien, 2018  |h 811 - 1187 Seiten, [32] ungezählte Seiten, Illustrationen  |z 9783929817096  |g (2018), Seite 1033-1051  |w (DE-603)438600185 
924 0 |9 2080  |a (DE-603)1167235282  |b DE-2080  |c HES  |d d  |g /